Fr. Conceicao Rodrigues College of Engineering

C:The complete reference 3rd Ed (Record no. 26462)

MARC details
000 -LEADER
fixed length control field 00342nam a2200145Ia 4500
082 ## - DEWEY DECIMAL CLASSIFICATION NUMBER
Classification number 005.13 C
Item number SCH
100 ## - MAIN ENTRY--PERSONAL NAME
Personal name Schildt/ Herbert
245 ## - TITLE STATEMENT
Title C:The complete reference 3rd Ed
260 ## - PUBLICATION, DISTRIBUTION, ETC.
Name of publisher, distributor, etc. Osborne Mc graw Hill
Place of publication, distribution, etc. Berkeley
Date of publication, distribution, etc. 1995
300 ## - PHYSICAL DESCRIPTION
Extent 839
546 ## - LANGUAGE NOTE
Language note ENGLISH
654 ## - SUBJECT ADDED ENTRY--FACETED TOPICAL TERMS
Focus term C:the complete reference
942 ## - ADDED ENTRY ELEMENTS (KOHA)
Koha item type BOOK
Holdings
Withdrawn status Lost status Damaged status Not for loan Collection Home library Current library Shelving location Date acquired Source of acquisition Cost, normal purchase price Total Checkouts Full call number Barcode Date last seen Cost, replacement price Price effective from Koha item type
        CRC Fr. Agnel's C.Rodrigues College of Engineering Fr. Agnel's C.Rodrigues College of Engineering   17/03/2023 global books 868.26   005.13 C SCH 8157 17/03/2023 868.26 17/03/2023 BOOK
        CRC Fr. Agnel's C.Rodrigues College of Engineering Fr. Agnel's C.Rodrigues College of Engineering   17/03/2023 global books 868.26   005.13 C SCH 8158 17/03/2023 868.26 17/03/2023 BOOK